ARRUPE JESUIT UNIVERSITY

CORONAVIRUS -STOP THE SPREAD - CLEAN,DISINFECT,COVER

Where three ways meet / (Record no. 117959)

MARC details
000 -LEADER
fixed length control field 00843cam a2200277 a 4500
001 - CONTROL NUMBER
control field 4463739
003 - CONTROL NUMBER IDENTIFIER
control field ARRUPE
005 - DATE AND TIME OF LATEST TRANSACTION
control field 20130924130912.0
008 - FIXED-LENGTH DATA ELEMENTS--GENERAL INFORMATION
fixed length control field 880226s1987 enk 000 0 eng d
010 ## - LIBRARY OF CONGRESS CONTROL NUMBER
LC control number gb 87044181
020 ## - INTERNATIONAL STANDARD BOOK NUMBER
International Standard Book Number 0334024226 (pbk) :
035 ## - SYSTEM CONTROL NUMBER
System control number (OCoLC)505782700
035 ## - SYSTEM CONTROL NUMBER
System control number (OCoLC)ocn505782700
035 ## - SYSTEM CONTROL NUMBER
System control number (NNC)4463739
040 ## - CATALOGING SOURCE
Original cataloging agency Uk
Transcribing agency Uk
Modifying agency DLC
-- NNUT
050 14 - LIBRARY OF CONGRESS CALL NUMBER
Classification number BT77.3
Item number .R662 1987
300 ## - PHYSICAL DESCRIPTION
Dimensions 22 cm.
100 1# - MAIN ENTRY--PERSONAL NAME
Personal name Robinson, John A. T.
Fuller form of name (John Arthur Thomas),
Dates associated with a name 1919-1983.
9 (RLIN) 926
245 10 - TITLE STATEMENT
Title Where three ways meet /
Statement of responsibility, etc John A.T. Robinson.
260 ## - PUBLICATION, DISTRIBUTION, ETC. (IMPRINT)
Place of publication, distribution, etc London :
Name of publisher, distributor, etc SCM,
Date of publication, distribution, etc 1987.
300 ## - PHYSICAL DESCRIPTION
Extent xiii, 210 p. ;
504 ## - BIBLIOGRAPHY, ETC. NOTE
Bibliography, etc Bibliography: p. 208-210.
504 ## - BIBLIOGRAPHY, ETC. NOTE
Bibliography, etc "A bibliography of the writings of John A.T. Robinson": p. 195-207.
650 #0 - SUBJECT ADDED ENTRY--TOPICAL TERM
Topical term or geographic name as entry element Theology, Doctrinal.
9 (RLIN) 927
942 ## - ADDED ENTRY ELEMENTS (KOHA)
Source of classification or shelving scheme Library of Congress Classification
Koha item type Monograph ( Printed materials)
Holdings
Withdrawn status Lost status Source of classification or shelving scheme Damaged status Not for loan Home library Current library Shelving location Date acquired Total Checkouts Full call number Barcode Date last seen Price effective from Koha item type
    Library of Congress Classification     ARRUPE LIBRARY ARRUPE LIBRARY Main Collection 24/09/2013   BT77.3 .R662 1987 46409800 11/01/2017 24/09/2013 Monograph ( Printed materials)

 

Arrupe Library. PO Box MP320 Mt Pleasant, Harare, Zimbabwe
263 242 745411|librarian@aju.ac.zw